000 00687nam a2200205 i 4500
001 114277
003 ES-MaACL
005 20240521095243.0
007 t|
008 061121s1919 sp r ||||1| spa d
100 1 _aPalacio Valdés, Armando,
_d1853-1938
_988382
245 1 3 _aEl origen del pensamiento /
_cArmando Palacio Valdés.
260 _aMadrid :
_bLibrería de Victoriano Suárez,
_c1919 (
_fImprenta Helénica)
300 _a330 p. ;
_c19 cm.
490 1 _aObras completas de D. Armando Palacio Valdés ;
_v19
800 _9236486
_aPalacio Valdés, Armando,
_d1853-1938.
_tObras ;
_v19
852 _aES-MaACL
_jB-4176
942 _2udc
999 _c114277
_d114277